Les clubs victimes de Lionel Messi en Ligue des Champions - Statistiques

Statistiques générales
  • Ce quiz a été pris 4 044 fois
    176 depuis la dernière actualisation
  • Le résultat moyen est 27 sur 40
Statistiques - réponses
Pays Club % Correct
Allemagne Bayern Munich 4
99%
Allemagne Borussia Dortmund 1
95%
Angleterre Manchester City 7
95%
France Paris Saint-Germain 6
95%
Angleterre Arsenal 9
94%
Angleterre Manchester United 4
94%
Italie AC Milan 8
91%
Italie Juventus 3
90%
Angleterre Chelsea 3
89%
Espagne Real Madrid 2
88%
Allemagne Bayer Leverkusen 7
86%
Angleterre Liverpool FC 2
86%
Pays-Bas Ajax Amsterdam 6
85%
Italie AS Rome 2
84%
France Olympique Lyonnais 5
84%
Portugal Benfica 1
81%
Portugal Sporting Portugal 1
79%
Ecosse Celtic Glasgow 8
78%
Pays-Bas PSV Eindhoven 4
77%
Ukraine Dynamo Kiev 3
73%
Ecosse Rangers Glasgow 1
72%
Angleterre Tottenham Hotspurs 2
72%
Italie Naples 1
69%
Allemagne RB Leipzig 2
63%
Belgique Club Bruges 2
60%
Suisse FC Bâle 2
59%
Ukraine Chakhtar Donetsk 3
56%
Danemark FC Copenhague 3
56%
Grèce Olympiakos 1
56%
Tchéquie Slavia Prague 1
55%
Chypre APOEL Nicosie 3
45%
Israël Maccabi Haïfa 3
43%
Allemagne VfB Stuttgart 3
43%
Grèce Panathinaïkos 4
38%
Allemagne Werder Breme 1
34%
Allemagne Borussia Monchengladbach 1
27%
Russie Spartak Moscou 4
23%
Hongrie Ferencvaros 1
21%
Biélorussie BATE Borisov 2
16%
Tchéquie Victoria Plzen 3
16%
Aucun quiz correspondant
Distribution des résultats
% des personnes avec chaque résultat
Percentile par nombre de réponses
Votre historique - résultats
Vous n’avez pas pris ce quiz depuis la dernière actualisation